Loading...
| Science - Biology | 0 | 5 | 1 | 1 | 45 | 110 | 124.20 | 0 | 0 |
| Religion | 0 | 5 | 2 | 3 | 40 | 81 | 113.80 | 1 | 1 |
| Literature - World Literature | 0 | 3 | 1 | 0 | 25 | 33 | 103.67 | 1 | 1 |
| Other Academic | 0 | 2 | 0 | 0 | 20 | 126 | 129.00 | 0 | 0 |
| Geography | 0 | 2 | 0 | 0 | 20 | 100 | 104.00 | 0 | 0 |
| Any History | 0 | 2 | 0 | 1 | 20 | 127 | 136.00 | 0 | 0 |
| Fine Arts - Other Fine Arts | 0 | 2 | 1 | 1 | 15 | 121 | 128.50 | 0 | 0 |
| Science - Physics | 0 | 1 | 0 | 1 | 10 | 139 | 139.00 | 0 | 0 |
| Fine Arts - Classical Music | 0 | 1 | 0 | 0 | 10 | 128 | 128.00 | 0 | 0 |
| History - American History | 0 | 1 | 0 | 1 | 10 | 133 | 133.00 | 0 | 0 |
| Mythology | 0 | 1 | 0 | 1 | 10 | 150 | 150.00 | 0 | 0 |
| Painting & Sculpture | 0 | 1 | 0 | 0 | 10 | 70 | 70.00 | 0 | 1 |
| Science - Other Science | 0 | 1 | 1 | 1 | 5 | 132 | 132.00 | 0 | 0 |
| Literature - British Literature | 0 | 0 | 0 | 0 | 0 | 0.00 | 0 | 0 | |
| Literature - European Literature | 0 | 0 | 1 | 0 | -5 | 0.00 | 0 | 0 | |
| Science - Chemistry | 0 | 0 | 1 | 0 | -5 | 0.00 | 0 | 0 | |
| History - World History | 0 | 0 | 1 | 0 | -5 | 0.00 | 0 | 0 | |
| Philosophy | 0 | 0 | 3 | 0 | -15 | 0.00 | 0 | 0 |